LEADER 01175nam a2200277 u 4500 001 000000115236 003 CaOOAMICUS 005 20090407150334.0 008 090407s2009 it u000 u ita r 020 $z978-88-211-6121-6* 040 $aPUL$bita$dLDB 100 1 $aWeil, Simone,$d1909-1943.$0(OLS)http://pul/name/732 245 10$aPagine scelte /$cSimone Weil ; con un saggio di Giancarlo Gaeta. 260 $aGenova :$bMarietti,$cc2009. 300 $a276 p. ;$c22 cm. 490 1 $aLe vie ;$v13 504 $aBibliografia: p. [273]-276. 700 1 $aGaeta, Giancarlo.$0(OLS)http://pul/name/25610 700 1 $aWeil, Simone,$d1909-1943.$tGruppi, scelte.$0(OLS)http://pul/nameTitle/897$0(OLS)http://pul/name/732$0(OLS)http://pul/title/132012 830 3$aLe vie ;$v13.$0(OLS)http://pul/title/65577 850 $aPUL 852 $aPUL$W1$xSL Filosofia 3$y81$m194 WEISI 9$j131971$qDDC 21$B130956$CPULBib$Z2$F130956 $H109930 $82 941 1 $a9 996 $6020$z978-88-211-6121-6*$9(OLS)http://pul/number/140272 996 $6245$aPagine scelte$9(OLS)http://pul/title/35409 996 $6260$aGenova :$bMarietti$9(OLS)http://pul/publisher/48994 LEADER 01129nam a2200289 a 4500 001 000000151444 003 CaOOAMICUS 005 20160429094813.0 008 160429s2016 vc u000 u ita r 020 $a978-88-465-1075-4* 032 $aLibriCat 040 $aPUL$bita 082 04$a230 100 1 $aD'Ambrosio, Letizia.$0(OLS)http://pul/name/96357 245 10$aAli di crisalide /$cLetizia D'Ambrosio. 260 $aCittą del Vaticano :$bLateran University Press,$c©2016. 300 $a42 p. ;$c21 cm. 490 1 $aLe lanterne ;$v13 830 3$aLe lanterne (Lateran University Press) ;$v13.$0(OLS)http://pul/title/161006 850 $aPUL 852 $aPUL$W1$xSL Religione 3$y85$m230 COLL 6.13$j173998$qDDC 21$B176429$CPULBib$Z2$F176429 $H127638 $81 941 1 $a9 996 $6020$a978-88-465-1075-4* $9(OLS)http://pul/number/160312 996 $6082$a230$9(OLS)http://pul/classification/368 996 $6245$aAli di crisalide$9(OLS)http://pul/title/190698 996 $6260$aCittą del Vaticano :$bLateran University Press$9(OLS)http://pul/publisher/74585